載入...

Loka prasastha vanitha samvidhayakar

書目詳細資料
Main Authors: Manoj M D, മനോജ്. എം. ഡി
格式: Printed Book
出版: Kozhikodu Olive 2011
LEADER 00538nam a22001457a 4500
082 |a 791.43  |b MAN/L 
100 |a Manoj M D 
100 |a മനോജ്. എം. ഡി  
240 |a ലോക പ്രശസ്ത വനിതാ സംവിധായകർ  
245 |a Loka prasastha vanitha samvidhayakar 
260 |a Kozhikodu  |b Olive  |c 2011 
300 |a 154p. 
942 |c BK 
999 |c 299597  |d 299597 
952 |0 0  |1 0  |4 0  |6 791_430000000000000_MAN_L  |7 0  |8 NFIC  |9 319859  |a DKS  |b DKS  |c GEN  |d 2020-09-24  |l 0  |o 791.43 MAN/L  |p DKS12592  |r 2020-09-24  |w 2020-09-24  |y BK